000 00495nam a2200193Ia 4500
008 101110s9999 xx 000 0 und d
041 _aENGLISH
082 _bSR17136
_a657.45
100 _aPatkar M.G.
245 _aPrinciples of Auditing for T.Y.B.Com.
365 _b16
520 _aCommerce
546 _aENGLISH
630 _aPrinciples of Auditing for T.Y.B.Com.
650 _aCommerce
655 _aCommerce
730 _aPrinciples of Auditing for T.Y.B.Com.
942 _cBOOK
999 _c810848
_d810845